Pokémon - Les attaques de Excelangue - Statistiques

Statistiques générales
  • Ce quiz a été pris 21 fois
  • Le résultat moyen est 6 sur 12
Statistiques - réponses
Niveaux Types Noms des attaques % Correct
Départ Spectre Léchouille
100%
Niveau 6 Roche Roulade
94%
Niveau 30 Normal Écrasement
75%
Niveau 18 Normal Ligotage
56%
Niveau 48 Normal Souplesse
56%
Niveau 42 Normal Grincement
50%
Niveau 54 Plante Mégafouet
50%
Départ Normal Boul'Armure
44%
Niveau 36 Ténèbres Sabotage
25%
Niveau 12 Normal Ultrason
25%
Niveau 60 Normal Cognobidon
6%
Niveau 24 Normal Entrave
0%
Aucun quiz correspondant
Distribution des résultats
% des personnes avec chaque résultat
Percentile par nombre de réponses
Votre historique - résultats
Vous n’avez pas pris ce quiz